000 00692nam a2200217Ii 4500
003 JO-AjNU
008 230606s9999||||xx |||||||||||||| ||und||
020 _a978-0-521-86988-1
040 _aJO-AjNU
_beng
_erda
_cJO-AjNU
041 _aeng
050 1 4 _aGB661.2.P44 2015
100 3 _aPennington, Karrie Lynn and Thomas V. Cech ,
_eauthor
_95155
245 0 0 _aIntroduction to water Resources and Environmental Issues
250 _a4th ed
264 3 1 _aNew York: Cambridge univerity prees, 2015
300 _a457p
336 _atext
_btxt
_2rdacontent
337 _aunmediated
_bn
_2rdamedia
338 _avolume
_bnc
_2rdacarrier
650 4 _aWater - hydrologic-water conservation
_95156
999 _aE2665
_c2663
_d2663